El aprendizaje de la cultura y la cultura de aprender /

El objetivo de este artículo es presentar una reflexión sobre el hecho de que en su cotidianidad las personas se enfrentan, permanentemente, a situaciones de vida que han de resolver apelando siempre a los procesos aprendidos. Por eso se cree pertinente que la educación como proceso formal instituci...

Deskribapen osoa

Gorde:
Xehetasun bibliografikoak
Egile nagusia: Martínez García, Bernardo
Formatua: Texto
Gaiak:
Etiketak: Etiketa erantsi
Etiketarik gabe, Izan zaitez lehena erregistro honi etiketa jartzen!

MARC

LEADER 00000 a a2200000 04500
001 40908
003
040
100 |a Martínez García, Bernardo  
245 |a El aprendizaje de la cultura y la cultura de aprender /  |c Bernando Martínez García  
500 |a bmg7008@hotmail.com  
520 |a El objetivo de este artículo es presentar una reflexión sobre el hecho de que en su cotidianidad las personas se enfrentan, permanentemente, a situaciones de vida que han de resolver apelando siempre a los procesos aprendidos. Por eso se cree pertinente que la educación como proceso formal institucionalizado, se ha de orientar más hacia la creación de espacios de aprendizaje de los procesos de generación del conocimiento, que a la presentación de información y resultados. A partir de la idea de que las acciones humanas siempre se desarrollan en circunstancias complejas y únicas.  
590 |a RRA/ENERO2012  
650 |a APRENDIZAJE  
650 |a CULTURA  
650 |a EDUCACION  
650 |a INFLUENCIA SOCIAL  
650 |a TEORIA  
773 |g volumen15, número48 (2008), páginas 287-307  
999 |c 23430  |d 23430